Clue: Accuse the Actors Quiz Stats

Quiz Updated Aug 24, 2016

Challenge
Share
Tweet
Embed
Score 0/30 Timer 10:00
3 Plays Today
% Correct
Tom Hanks
94.2%
Robin Williams
93.2%
George Clooney
91.1%
Sean Connery
90.9%
James Earl Jones
88.7%
Liam Neeson
87.8%
Reese Witherspoon
87.1%
Angelina Jolie
86.2%
Denzel Washington
83.6%
Steve Carell
81.1%
Ben Stiller
80.1%
Zoe Saldana
79.9%
Peter Sellers
79.8%
Anne Hathaway
77.6%
Amy Adams
76.9%
% Correct
Natalie Portman
76.7%
Halle Berry
76.1%
Jackie Chan
74.6%
Steve McQueen
74.4%
Judy Garland
74.1%
Sylvester Stallone
72%
Jimmy Stewart
69.9%
Sean Bean
68.7%
Charlize Theron
67.3%
Michael Caine
66.3%
Chloƫ Grace Moretz
65.8%
Jennifer Connelly
64.9%
Billy Crystal
62.8%
Will Smith
62.2%
Andy Serkis
61.8%

You're not logged in!

Compare scores with friends on all Sporcle quizzes.
Sign Up with Email
OR
Log In

You Might Also Like...

Show Comments

Extras

Top Quizzes Today


Score Distribution

Your Account Isn't Verified!

In order to create a playlist on Sporcle, you need to verify the email address you used during registration. Go to your Sporcle Settings to finish the process.